Statistics for Correct Spelling of Cities

Click here to take the quiz!

General Stats

  • This quiz has been taken 16 times
  • The average score is 7 of 10

Answer Stats

QuestionAnswer% Correct
How do you spell this Chinese CityChongqing
100%
How do you spell the capitla of EthiopiaAddis Ababa
93%
How do you spell the biggest city in new MexicoAlbuquerque
93%
How do you spell the capital of BruneiBandar Seri Begawan
67%
How do you spell the Capital of PalauNgerulmud
67%
How do you spell the capital of MadagascarAntananarivo
60%
How do you spell the Capital of MyanmarNaypyidaw
60%
How do you spell the official capital of Sri LankaSri Jayawardenepura Kotte
53%
How do you spell the biggest city in EcuadorGuayaquil
47%
How do you spell the official capital of Ivory CoastYamoussoukro
47%

Score Distribution

Percentile by Number Answered

Percent of People with Each Score

Your Score History

You have not taken this quiz